00232nam a2200097 4500020001800000082001200018100002100030245003500051260003800086300001000124 a9788131512531 a540 SLO aWolsey,Slowinski aGeneral chemistry:a lab manual aNew DelhibCengage Learningc2010 a270 p